Statistiques concernant Focus sur: Ilmarë - Tolkien

Cliquez ici pour prendre le quiz!

Statistiques générales

  • Ce quiz a été pris 3 fois
  • Le résultat moyen est 4 sur 8

Statistiques - réponses

Informations recherchéesRéponses% Correct
Première apparitionLe Silmarillion
100%
EspèceMaia
100%
ContréeValinor
100%
PèreManwë
33%
MèreVarda
33%
Valie associéeVarda
33%
FrèreEönwë
0%
Profession et titreServante de Varda
0%

Distribution des résultats

Percentile par nombre de réponses

% des personnes avec chaque résultat

Votre développement - résultats

Vous n’avez pas pris ce quiz